000 00474nam a2200157Ia 4500
003 IQ-KOUCL
041 _aArabic
082 _a955,01 cut-949 ف
100 _a20260118u\\\\\\\\\\\y0engy0103\\\\ba
100 _aد.احمد عبيس فيروز
245 0 _aتطور الافكار والمعتقدات الدينية في ايران القديمة
250 _aط1
260 _bدار ارام للنشر
_aدمشق - سوريا
_c2022
300 _a314
942 _cBk
999 _c185935
_d185935